Statistics for Unscramble the country

Click here to take the quiz!

General Stats

  • This quiz has been taken 27 times
  • The average score is 11 of 12

Answer Stats

HintAnswer% Correct
pnjaaJapan
100%
dansuSudan
100%
eemnyYemen
100%
aenrcfFrance
96%
aaulpPalau
96%
gouratplPortugal
92%
ozeamqimbuMozambique
88%
iterearEritrea
85%
ribiatkKiribati
85%
ranoaimRomania
85%
uiaalgbrBulgaria
81%
doanruhsHonduras
65%

Score Distribution

Percentile by Number Answered

Percent of People with Each Score

Your Score History

You have not taken this quiz